| 000 | 00711 a2200181 4500 | ||
|---|---|---|---|
| 003 | Nust | ||
| 005 | 20170207153157.0 | ||
| 040 | _cNust | ||
| 082 | _a005.8 | ||
| 100 | _aShah, Syed Tahir Hussain (MSIS-2) | ||
| 245 |
_aEvaluation of different symmetric key cryptographic algorithms and design a new data encryption algorithm _cSyed Tahir Hussain Shah |
||
| 260 |
_bMCS (NUST) _cFebruary, 2006 _aRawalpindi |
||
| 300 | _avii,66, p. | ||
| 505 | _aIntroduction (page-1) The early cryptographic algorithms (page-4) The recent cryptographic algorithms (page-32) The proposed data encryption algorithm (page-53) Conclusion (page-64) | ||
| 538 | _aAlmirah No. 70 Shelf No. 3 | ||
| 650 | _aPG Thesis | ||
| 651 | _aMSIS-2 | ||
| 942 | _cTHS | ||
| 999 |
_c180798 _d180798 |
||